[Event "Kaluga Tsiolkovsky Memorial op"]
[Site "Kaluga"]
[Date "2016.08.15"]
[Round "9"]
[White "Mytarev, Oleg V"]
[Black "Litvinova, Evgenia"]
[Result "1/2-1/2"]
[WhiteElo "2000"]
[BlackElo "1666"]
[PlyCount "45"]
[EventDate "2016.08.06"]
[EventType "swiss"]
[EventRounds "9"]
[EventCountry "RUS"]
[SourceTitle "CBM 174 Extra"]
[Source "ChessBase"]
[SourceDate "2016.10.10"]
[SourceVersion "1"]
[SourceVersionDate "2016.10.10"]
[SourceQuality "1"]

1. d4 Nf6 2. c4 g6 3. Nc3 d5 4. e3 Bg7 5. Nf3 0-0 6. Be2 dxc4 7. Bxc4 Bg4 8. 0-0 c6 9. Be2 Nbd7 10. b3 Re8 11. Bb2 Nb6 12. Ne5 Bxe2 13. Qxe2 Nfd5 14. Nxd5 cxd5 15. Nf3 e6 16. Rac1 Rc8 17. Rxc8 Nxc8 18. Rc1 Nd6 19. h3 Qd7 20. Qd1 Rc8 21. Rxc8+ Qxc8 22. Qc1 Qxc1+ 23. Bxc1 1/2-1/2

[Event "Kaluga Tsiolkovsky Memorial op"]
[Site "Kaluga"]
[Date "2016.08.11"]
[Round "6"]
[White "Bregman, Ilya"]
[Black "Mytarev, Oleg V"]
[Result "1-0"]
[WhiteElo "1713"]
[BlackElo "2000"]
[PlyCount "85"]
[EventDate "2016.08.06"]
[EventType "swiss"]
[EventRounds "9"]
[EventCountry "RUS"]
[SourceTitle "CBM 174 Extra"]
[Source "ChessBase"]
[SourceDate "2016.10.10"]
[SourceVersion "1"]
[SourceVersionDate "2016.10.10"]
[SourceQuality "1"]

1. d4 d6 2. c4 e5 3. d5 f5 4. Nc3 Nf6 5. Bg5 Be7 6. Bxf6 Bxf6 7. e4 0-0 8. exf5 Bxf5 9. Bd3 e4 10. Nxe4 Bxb2 11. Rb1 Bxe4 12. Bxe4 Bc3+ 13. Kf1 Qh4 14. Qc2 Ba5 15. Nf3 Qh6 16. h4 Bb6 17. Rxb6 axb6 18. Ng5 Qf6 19. Bxh7+ Kh8 20. g3 Qa1+ 21. Kg2 Qxa2 22. f4 Qxc2+ 23. Bxc2 Ra2 24. Rc1 c6 25. Kh3 cxd5 26. cxd5 Nd7 27. Bg6 Nc5 28. Re1 Ra3 29. Kg4 Nd3 30. Re2 Nb4 31. Rd2 Ra5 32. Bf7 g6 33. Be6 Kg7 34. Ne4 Rd8 35. h5 gxh5+ 36. Kxh5 Na6 37. f5 Nc5 38. f6+ Kf8 39. Nxc5 bxc5 40. Rh2 Ra3 41. Kg4 Ra4+ 42. Kg5 Rda8 43. Rh8# 1-0

[Event "Kaluga Tsiolkovsky Memorial op"]
[Site "Kaluga"]
[Date "2013.08.10"]
[Round "8"]
[White "Mytarev, Oleg V"]
[Black "Baroyan, Karen"]
[Result "1-0"]
[WhiteElo "1965"]
[BlackElo "1792"]
[PlyCount "45"]
[EventDate "2013.08.03"]
[EventType "swiss"]
[EventRounds "9"]
[EventCountry "RUS"]
[SourceTitle "CBM 156 Extra"]
[Source "ChessBase"]
[SourceDate "2013.10.22"]
[SourceVersion "1"]
[SourceVersionDate "2013.10.22"]
[SourceQuality "1"]

1. d4 Nf6 2. Bg5 e6 3. e3 d5 4. Bd3 c5 5. c3 Nc6 6. f4 h6 7. Bxf6 Qxf6 8. Nf3 Bd6 9. 0-0 0-0 10. Ne5 c4 11. Bc2 Bxe5 12. fxe5 Qe7 13. Nd2 b5 14. Rf3 Bd7 15. Qe2 b4 16. Raf1 bxc3 17. bxc3 Rab8 18. Rg3 Kh8 19. Rf6 g6 20. Qh5 Qa3 21. Qxh6+ Kg8 22. Rgxg6+ fxg6 23. Qxg6+ 1-0

[Event "Kaluga Tsiolkovsky Memorial op"]
[Site "Kaluga"]
[Date "2013.08.05"]
[Round "3"]
[White "Kedrov, Valery V"]
[Black "Mytarev, Oleg V"]
[Result "1-0"]
[WhiteElo "2177"]
[BlackElo "1965"]
[PlyCount "97"]
[EventDate "2013.08.03"]
[EventType "swiss"]
[EventRounds "9"]
[EventCountry "RUS"]
[SourceTitle "CBM 156 Extra"]
[Source "ChessBase"]
[SourceDate "2013.10.22"]
[SourceVersion "1"]
[SourceVersionDate "2013.10.22"]
[SourceQuality "1"]

1. e4 e6 2. d4 d5 3. Nc3 Nf6 4. Bd3 c5 5. exd5 exd5 6. Nf3 Nc6 7. dxc5 Bxc5 8. 0-0 0-0 9. Bg5 Nb4 10. a3 Nxd3 11. Qxd3 Be6 12. Bxf6 Qxf6 13. Nxd5 Qh6 14. c4 Rad8 15. b4 Bd6 16. Qe3 Qxe3 17. Nxe3 Bf4 18. c5 Rd3 19. Rfd1 Rfd8 20. Ne1 R3d7 21. Rxd7 Rxd7 22. Rc1 h5 23. g3 Bg5 24. f4 Bf6 25. Rd1 Rxd1 26. Nxd1 Bd4+ 27. Kg2 Bd5+ 28. Kf1 Bc4+ 29. Kg2 Bd5+ 30. Kf1 Bc4+ 31. Kg2 Be2 32. Nc2 Bxc5 33. bxc5 Bxd1 34. Nd4 Ba4 35. Kf3 Kf8 36. Ke4 Ke7 37. Ke5 g6 38. f5 f6+ 39. Kd5 g5 40. c6 b6 41. c7 Kd7 42. c8Q+ Kxc8 43. Ke6 g4 44. Kxf6 Kd7 45. Kg7 Kd6 46. f6 Be8 47. Nb5+ Kc6 48. Nxa7+ Kc5 49. Nc8 1-0